| 000 | 01488nam a2200325 4500 | ||
|---|---|---|---|
| 003 | EC-UNACH | ||
| 005 | 20260311150950.0 | ||
| 006 | s||||gr|||| 00| 00 | ||
| 008 | 150116t9999 mx r gr 000 0 spa d | ||
| 020 | _a978-9942-661-83-8 | ||
| 040 |
_aEC-UNACH _cEC-UNACH |
||
| 041 | _aspa | ||
| 082 | 0 | 4 |
_223 _a697.47 _bL018609 |
| 100 | _aGuerrero Vaca, Daniel Marcelo / Rodríguez Minor, Rebeca | ||
| 245 | _aFundamentaciones teóricas de gestión sostenible para destinos turísticos de base comunitaria, reflexiones desde la óptica de Chimborazo, Ecuador | ||
| 250 | _aPrimera edición | ||
| 264 |
_aRiobamba - Ecuador _bEditorial UNACH _c2025 |
||
| 300 |
_a142 páginas _bTablas, figuras |
||
| 501 | _aIncluye índice general | ||
| 505 | _aCapítulo I. El turismo. Bases teóricas epistemológicas y enfoques de un fenómeno social orientado a las comunidades indígenas -- Capítulo II. La gestión turística. Criterios relevantes de manejo para un desarrollo sostenible -- Capítulo III. Casos de modelos de gestión en áreas comunitarias, naturales, rurales y urbanas de contexto global -- Capítulo VI. Visión ecuatoriana del turismo comunitario | ||
| 650 | _aTURISMO COMUNITARIO | ||
| 650 | _aIDENTIDAD CULTURAL | ||
| 650 | _aLA GESTIÓN TURÍSTICA | ||
| 650 | _aCOMPETITIVIDAD TURÍSTICA | ||
| 942 |
_2ddc _c1 |
||
| 999 | _c14381 | ||